Data structures and algorithm analysis in C++ (Record no. 1002)
[ view plain ]
| 000 -LEADER | |
|---|---|
| Fixed length control field | 00496nam a2200181 4500 |
| 003 - CONTROL NUMBER IDENTIFIER | |
| Control field | SEACOMEC |
| 005 - DATE AND TIME OF LATEST TRANSACTION | |
| Control field | 20240504130629.0 |
| 008 - FIXED-LENGTH DATA ELEMENTS--GENERAL INFORMATION | |
| Fixed length control field | 240504b |||||||| |||| 00| 0 eng d |
| 020 ## - INTERNATIONAL STANDARD BOOK NUMBER / ISBN | |
| International Standard Book Number | 9788177589436 |
| Price | Rs.350.00 |
| 040 ## - CATALOGING SOURCE | |
| Original cataloging agency | SEACOMEC |
| 082 ## - DEWEY DECIMAL CLASSIFICATION NUMBER | |
| Classification number | 005.73 |
| Book Number | W429 |
| 100 ## - MAIN ENTRY--PERSONAL NAME | |
| Personal name | :Weiss, Mark Allen |
| 245 1# - TITLE STATEMENT | |
| Title | Data structures and algorithm analysis in C++ |
| Statement of responsibility | Mark Allen Weiss |
| 250 ## - EDITION STATEMENT | |
| Edition statement | 2nd ed. |
| 260 ## - IMPRINT | |
| Place of publication | Delhi |
| Name of publisher | Pearson |
| Date of publication | 2006 |
| 650 ## - SUBJECT ADDED ENTRY--TOPICAL TERM | |
| Topical term | C (Computer program language) |
| 942 ## - ADDED ENTRY ELEMENTS (KOHA) | |
| Koha item type | Books |
| Withdrawn status | Lost status | Source of classification | Damaged status | Not for loan | Home library | Current library | Date acquired | Total Checkouts | Call number | Accession number | Date last seen | Price effective from | Koha item type | Copy number |
|---|---|---|---|---|---|---|---|---|---|---|---|---|---|---|
| Dewey Decimal Classification | SEACOM ENGINEERING COLLEGE | SEACOM ENGINEERING COLLEGE | 29/08/2007 | 005.73 W429 | 8409 | 04/05/2024 | 04/05/2024 | Books | ||||||
| Dewey Decimal Classification | SEACOM ENGINEERING COLLEGE | SEACOM ENGINEERING COLLEGE | 29/08/2007 | 005.73 W429 | 8410 | 04/05/2024 | 04/05/2024 | Books | 1 |
